Estatísticas para Os 15 principais países com mortes por Covid19 - 2 de julho

Clique aqui para jogar o quiz

Estatísticas Gerais

  • Esse quiz foi jogado 3 vezes
  • A pontuação média é 10 de 20

Estatísticas das Respostas

país% Correto
Brasil
100%
Canadá
100%
Estados Unidos
100%
França
100%
Reino Unido
100%
Espanha
67%
Índia
67%
Rússia
67%
Alemanha
33%
Bélgica
33%
Equador
33%
Irão
33%
Irlanda
33%
Itália
33%
México
33%
Países Baixos
33%
Peru
33%
Suécia
33%
Chile
0%
Suíça
0%

Distribuição das Pontuações

Percentil de Números Respondidos

Porcentagem de Pessoas com Cada Pontuação

Sua Pontuação Histórica

Você não jogou esse quiz